|
|
|
|
| LEADER |
00894nam a22002297a 4500 |
| 001 |
AAL8165 |
| 003 |
BD-DhAAL |
| 005 |
20160524110013.0 |
| 008 |
160524s 2013bg ||||| |||| 00| 0 ben d |
| 020 |
|
|
|a 9789848796337
|
| 040 |
|
|
|a BD-DhAAL
|c BD-DhAAL
|
| 082 |
|
|
|a 305.42/0954
|
| 100 |
|
|
|a বসু, পূরবী
|9 19581
|
| 245 |
|
|
|a প্রাচ্যে পুরাতন নারী /
|c পূরবী বসু,
|
| 260 |
|
|
|a ঢাকা :
|b অবসর প্রকাশন,
|c ২০১৩
|
| 300 |
|
|
|a ২৮৭ পৃ. ;
|c ২২ সে.মি.
|
| 541 |
|
|
|e 8165
|
| 650 |
|
|
|a Women
|x Social conditions.
|z South Asia
|9 19582
|
| 852 |
|
|
|a Savar Campus Library
|c General Shelf
|
| 942 |
|
|
|2 ddc
|c BK
|
| 999 |
|
|
|c 37567
|d 37567
|
| 952 |
|
|
|0 0
|1 0
|2 ddc
|4 0
|6 305_420000000000000_0954_BAS
|7 0
|9 59039
|a SCL
|b SCL
|c GEN
|d 2016-05-24
|g 450.00
|l 0
|o 305.420954 BAS
|p 3020008165
|r 2016-05-24
|t 1
|w 2016-05-24
|y BK
|